[Event "Voronezh Region-ch"]
[Site "Voronezh"]
[Date "2010.12.12"]
[Round "6"]
[White "Volk, Sergey"]
[Black "Kornilov, Peter"]
[Result "1/2-1/2"]
[WhiteElo "2039"]
[BlackElo "2065"]
[PlyCount "115"]
[EventDate "2010.12.07"]
[EventType "swiss"]
[EventRounds "9"]
[EventCountry "RUS"]
[SourceTitle "EXT 2013"]
[Source "ChessBase"]
[SourceDate "2012.11.22"]
[SourceVersion "1"]
[SourceVersionDate "2012.11.22"]
[SourceQuality "1"]

1. d4 e6 2. g3 Nf6 3. Bg2 c5 4. Nf3 Nc6 5. 0-0 Be7 6. c4 cxd4 7. Nxd4 a6 8. b3 0-0 9. Bb2 Qc7 10. Nc3 d6 11. Rc1 Ne5 12. Rc2 Ng6 13. e3 e5 14. Nde2 Bf5 15. Rd2 Rad8 16. Nd5 Nxd5 17. Bxd5 Bh3 18. Re1 Kh8 19. Nc3 Bc8 20. h4 Kg8 21. Ne4 b5 22. Qh5 Be6 23. Rc1 Qa5 24. a3 bxc4 25. b4 Qb5 26. Qd1 a5 27. Bxe6 fxe6 28. Nxd6 Bxd6 29. Rxd6 Rxd6 30. Qxd6 Qd5 31. Qxd5 exd5 32. h5 Ne7 33. Bxe5 Nc6 34. Bd6 Rd8 35. Bc5 axb4 36. axb4 Ne5 37. Rc3 Kf7 38. Kg2 Ra8 39. Bd4 Nc6 40. Bc5 Rb8 41. e4 Ke6 42. Rc1 Nxb4 43. Rb1 Nc6 44. Rxb8 Nxb8 45. Kf3 Nc6 46. Ke3 g6 47. hxg6 hxg6 48. Bd4 Nb4 49. exd5+ Kxd5 50. Bb2 Nd3 51. Bc3 Ne5 52. f3 Nd7 53. f4 Nc5 54. g4 Ne4 55. Bb4 c3 56. Kd3 Nf2+ 57. Kxc3 Nxg4 58. Kd3 1/2-1/2

[Event "Voronezh Region-ch"]
[Site "Voronezh"]
[Date "2010.12.09"]
[Round "3"]
[White "Filippov, Vladimir Mikhailovi"]
[Black "Volk, Sergey"]
[Result "1-0"]
[WhiteElo "2084"]
[BlackElo "2039"]
[PlyCount "85"]
[EventDate "2010.12.07"]
[EventType "swiss"]
[EventRounds "9"]
[EventCountry "RUS"]
[SourceTitle "EXT 2013"]
[Source "ChessBase"]
[SourceDate "2012.11.22"]
[SourceVersion "1"]
[SourceVersionDate "2012.11.22"]
[SourceQuality "1"]

1. d4 Nf6 2. Nf3 d5 3. e3 Bg4 4. Bd3 e6 5. Nbd2 c5 6. 0-0 Nc6 7. c3 Qc7 8. Re1 e5 9. dxe5 Nxe5 10. Qa4+ Bd7 11. Bb5 Nc6 12. e4 0-0-0 13. exd5 Nxd5 14. Bxc6 Bxc6 15. Qxa7 Nf4 16. Qa8+ Kd7 17. Ne5+ Qxe5 18. Qxd8+ Kxd8 19. Rxe5 f6 20. Re4 g5 21. f3 Bxe4 22. Nxe4 Nd3 23. Nxf6 c4 24. Ne4 g4 25. Bg5+ Kc7 26. fxg4 Rg8 27. h3 Nxb2 28. Rf1 h6 29. Rf7+ Kc6 30. Be3 Bg7 31. Nf6 Rf8 32. Rxg7 Rxf6 33. Bd4 Re6 34. h4 Nd3 35. Rf7 b5 36. Rf5 Re4 37. g5 hxg5 38. hxg5 Rxd4 39. cxd4 c3 40. g6 c2 41. Rf1 Nf4 42. g7 Ne2+ 43. Kh2 1-0

[Event "Voronezh-ch"]
[Site "Voronezh"]
[Date "2010.03.11"]
[Round "3"]
[White "Volk, Sergey"]
[Black "Rodin, Dmitrij"]
[Result "0-1"]
[WhiteElo "2027"]
[BlackElo "2423"]
[PlyCount "80"]
[EventDate "2010.03.09"]
[EventType "swiss"]
[EventRounds "9"]
[EventCountry "RUS"]
[SourceTitle "CBM 135 Extra"]
[Source "ChessBase"]
[SourceDate "2010.05.04"]
[SourceVersion "1"]
[SourceVersionDate "2010.05.04"]
[SourceQuality "1"]

1. d4 Nf6 2. Nf3 e6 3. c4 Bb4+ 4. Bd2 a5 5. Qa4 Bxd2+ 6. Nbxd2 0-0 7. g3 d6 8. Bg2 Nbd7 9. 0-0 Qe7 10. Rfd1 e5 11. dxe5 Nxe5 12. Qc2 Re8 13. Nd4 c6 14. Nf1 g6 15. Rd2 h5 16. h3 d5 17. cxd5 Nxd5 18. a3 Nb6 19. e4 h4 20. Ne3 hxg3 21. f4 Ned7 22. e5 Nf6 23. Re1 Nfd5 24. Nxd5 Nxd5 25. f5 gxf5 26. Nxf5 Qg5 27. Bxd5 Bxf5 28. Be4 Rxe5 29. Rde2 Rae8 30. Bxf5 Rxe2 31. Rxe2 Rxe2 32. Bh7+ Kg7 33. Qxe2 Kxh7 34. Qe4+ Kh6 35. Kg2 Qd5 36. Qxd5 cxd5 37. Kxg3 d4 38. Kf4 f5 39. Kf3 Kh5 40. Ke2 f4 0-1

[Event "Voronezh-ch"]
[Site "Voronezh"]
[Date "2010.03.10"]
[Round "2"]
[White "Lukovnikov, Alexander"]
[Black "Volk, Sergey"]
[Result "1-0"]
[WhiteElo "2349"]
[BlackElo "2027"]
[PlyCount "57"]
[EventDate "2010.03.09"]
[EventType "swiss"]
[EventRounds "9"]
[EventCountry "RUS"]
[SourceTitle "CBM 135 Extra"]
[Source "ChessBase"]
[SourceDate "2010.05.04"]
[SourceVersion "1"]
[SourceVersionDate "2010.05.04"]
[SourceQuality "1"]

1. e4 c5 2. Nf3 d6 3. d4 cxd4 4. Nxd4 Nf6 5. Nc3 a6 6. Bg5 e6 7. f4 b5 8. e5 dxe5 9. fxe5 Qc7 10. Qe2 Nfd7 11. 0-0-0 Bb7 12. Nxe6 fxe6 13. Qh5+ g6 14. Qg4 Qxe5 15. Bd3 Be7 16. Bxe7 Kxe7 17. Rhe1 Nf6 18. Qb4+ Qd6 19. Rxe6+ Kxe6 20. Bf5+ gxf5 21. Qxd6+ Kf7 22. Qc7+ Nbd7 23. Rxd7+ Nxd7 24. Qxd7+ Kg6 25. Qxb7 Rhf8 26. Nd5 Kh6 27. Nf4 Rfe8 28. Qc6+ Kg7 29. Nh5+ 1-0

[Event "Voronezh Region-ch"]
[Site "Voronezh"]
[Date "2009.09.12"]
[Round "2.9"]
[White "Abramov, Petr"]
[Black "Volk, Sergey"]
[Result "1/2-1/2"]
[WhiteElo "1751"]
[BlackElo "2019"]
[PlyCount "35"]
[EventDate "2009.09.11"]
[EventType "swiss"]
[EventRounds "9"]
[EventCountry "RUS"]
[SourceTitle "EXT 2022"]
[Source "ChessBase"]
[SourceDate "2021.10.06"]
[SourceVersion "1"]
[SourceVersionDate "2021.10.06"]
[SourceQuality "1"]

1. d4 g6 2. c4 Bg7 3. Nc3 Nf6 4. g3 d5 5. cxd5 Nxd5 6. Bg2 Nxc3 7. bxc3 0-0 8. Nf3 c5 9. 0-0 Nc6 10. e3 Qa5 11. Qb3 Rb8 12. Ba3 cxd4 13. cxd4 Be6 14. Qb2 Bd5 15. Rfc1 Rfe8 16. Rc5 Qd8 17. Rb5 b6 18. Rxd5 1/2-1/2

[Event "Voronezh op-B"]
[Site "Voronezh"]
[Date "2008.06.13"]
[Round "2"]
[White "Volk, Sergey"]
[Black "Pogosian, Georgy"]
[Result "0-1"]
[WhiteElo "2053"]
[BlackElo "2211"]
[PlyCount "70"]
[EventDate "2008.06.12"]
[EventType "swiss"]
[EventRounds "9"]
[EventCountry "RUS"]
[SourceTitle "CBM 125 Extra"]
[Source "ChessBase"]
[SourceDate "2008.09.01"]
[SourceVersion "1"]
[SourceVersionDate "2008.09.01"]
[SourceQuality "1"]

1. c4 e6 2. g3 d5 3. Nf3 c5 4. cxd5 exd5 5. d4 Nc6 6. Bg2 c4 7. 0-0 Bb4 8. Ne5 Nge7 9. Nxc6 bxc6 10. e4 0-0 11. Bd2 a5 12. Bc3 f5 13. f3 f4 14. Nd2 Bd6 15. e5 Bb4 16. Rf2 Bf5 17. Bf1 Be6 18. Be2 Rb8 19. Qc1 c5 20. b3 cxb3 21. Nxb3 c4 22. Bxb4 axb4 23. Nc5 Qb6 24. Bd1 Rbc8 25. Bc2 Rxc5 26. dxc5 Qxc5 27. g4 d4 28. Kg2 Nd5 29. Qe1 Ne3+ 30. Kh1 d3 31. Ba4 c3 32. Rc1 d2 33. Rxd2 cxd2 34. Qxd2 Qd5 35. Qxd5 Bxd5 0-1

[Event "Voronezh Spring op"]
[Site "Voronezh"]
[Date "2008.04.22"]
[Round "7"]
[White "Artemov, Nikita"]
[Black "Volk, Sergey"]
[Result "0-1"]
[WhiteElo "1834"]
[BlackElo "2053"]
[PlyCount "54"]
[EventDate "2008.04.15"]
[EventType "swiss"]
[EventRounds "7"]
[EventCountry "RUS"]
[SourceTitle "EXT 2022"]
[Source "ChessBase"]
[SourceDate "2021.10.06"]
[SourceVersion "1"]
[SourceVersionDate "2021.10.06"]
[SourceQuality "1"]

1. e4 c5 2. Nf3 d6 3. d4 cxd4 4. Nxd4 Nf6 5. Nc3 a6 6. Bc4 e6 7. 0-0 Qc7 8. Bb3 b5 9. f4 b4 10. Na4 Nxe4 11. f5 e5 12. Ne6 fxe6 13. Qh5+ g6 14. fxg6 Qa7+ 15. Kh1 Nf2+ 16. Rxf2 Qxf2 17. Be3 hxg6 18. Qxh8 Qxe3 19. Rf1 Nd7 20. Bxe6 Qh6 21. Qg8 Qg7 22. Bxd7+ Bxd7 23. Qd5 Rb8 24. b3 Bf5 25. Qc6+ Qd7 26. Qf3 Qb7 27. Qf2 Rc8 0-1

[Event "Voronezh-ch"]
[Site "Voronezh"]
[Date "2008.03.05"]
[Round "8"]
[White "Koshelev, Vladimir"]
[Black "Volk, Sergey"]
[Result "0-1"]
[WhiteElo "2039"]
[BlackElo "2070"]
[PlyCount "62"]
[EventDate "2008.02.26"]
[EventType "swiss"]
[EventRounds "9"]
[EventCountry "RUS"]
[SourceTitle "CBM 123 Extra"]
[Source "ChessBase"]
[SourceDate "2008.05.06"]
[SourceVersion "1"]
[SourceVersionDate "2008.05.06"]
[SourceQuality "1"]

1. b3 c5 2. e3 Nc6 3. Bb2 d5 4. Bb5 Qc7 5. f4 a6 6. Bxc6+ Qxc6 7. Nf3 Nf6 8. d3 g6 9. 0-0 Bg7 10. Ne5 Qc7 11. c4 0-0 12. Nd2 Rd8 13. Qe2 dxc4 14. bxc4 b5 15. Rac1 b4 16. d4 cxd4 17. exd4 e6 18. Nb3 Nd7 19. c5 Nxe5 20. dxe5 a5 21. Rfd1 Ba6 22. Qe3 a4 23. Nd4 Rd5 24. Rd2 Rxc5 25. Rdc2 Rxc2 26. Rxc2 Qb7 27. Qc1 Rc8 28. Rxc8+ Qxc8 29. Qxc8+ Bxc8 30. Nc6 Bf8 31. Bd4 Bb7 0-1

[Event "Voronezh-ch"]
[Site "Voronezh"]
[Date "2008.02.28"]
[Round "3"]
[White "Zhurikhin, Alexander"]
[Black "Volk, Sergey"]
[Result "1/2-1/2"]
[WhiteElo "2010"]
[BlackElo "2070"]
[PlyCount "96"]
[EventDate "2008.02.26"]
[EventType "swiss"]
[EventRounds "9"]
[EventCountry "RUS"]
[SourceTitle "CBM 123 Extra"]
[Source "ChessBase"]
[SourceDate "2008.05.06"]
[SourceVersion "1"]
[SourceVersionDate "2008.05.06"]
[SourceQuality "1"]

1. e4 c5 2. Nf3 d6 3. Bb5+ Bd7 4. Bxd7+ Qxd7 5. 0-0 g6 6. c3 Bg7 7. d4 Nf6 8. Re1 0-0 9. d5 Qc7 10. Nbd2 Nbd7 11. a4 b6 12. Nc4 a6 13. Qb3 Rab8 14. Bg5 b5 15. axb5 axb5 16. Na5 Rb6 17. Nc6 Nb8 18. Nxb8 Rfxb8 19. Rad1 Ra8 20. e5 dxe5 21. Nxe5 c4 22. Qc2 h6 23. Bh4 e6 24. Bxf6 Bxf6 25. Ng4 exd5 26. Nxh6+ Kg7 27. Ng4 Qc5 28. Qd2 Rd8 29. Qh6+ Kg8 30. Nxf6+ Rxf6 31. Qh4 Qb6 32. Re3 Rf5 33. g4 Qf6 34. Qxf6 Rxf6 35. Rd4 Re6 36. Rxe6 fxe6 37. f4 b4 38. Rd2 bxc3 39. bxc3 Rb8 40. Kf2 Rb1 41. Ke3 Kf7 42. g5 Re1+ 43. Re2 Rd1 44. Rd2 Rc1 45. Kd4 Re1 46. Kc5 Re3 47. Kd6 Rxc3 48. Ra2 Re3 1/2-1/2

[Event "Voronezh-ch sf"]
[Site "Voronezh"]
[Date "2008.01.25"]
[Round "7"]
[White "Ognerubova, Anastasia"]
[Black "Volk, Sergey"]
[Result "1-0"]
[WhiteElo "2102"]
[BlackElo "2053"]
[PlyCount "111"]
[EventDate "2008.01.18"]
[EventType "swiss"]
[EventRounds "9"]
[EventCountry "RUS"]
[SourceTitle "EXT 2010"]
[Source "ChessBase"]
[SourceDate "2010.11.25"]
[SourceVersion "1"]
[SourceVersionDate "2010.11.25"]
[SourceQuality "1"]

1. e4 c5 2. Nf3 d6 3. d4 cxd4 4. Qxd4 Nc6 5. Bb5 Qa5+ 6. Nc3 Bd7 7. Bxc6 bxc6 8. 0-0 e5 9. Qd3 h6 10. Nd2 Nf6 11. Nc4 Qc7 12. Rd1 0-0-0 13. Be3 Be6 14. Nxe5 Qb7 15. Nc4 Qb4 16. b3 Rd7 17. Rab1 Bxc4 18. bxc4 Qa5 19. Rb2 Rb7 20. Rdb1 Rxb2 21. Rxb2 Be7 22. Bd2 Qa6 23. Rb4 Nd7 24. Be3 Ne5 25. Qe2 Qa3 26. Rb3 Qa6 27. f4 Nd7 28. Qg4 Bf6 29. e5 dxe5 30. fxe5 Bxe5 31. Ne4 Kc7 32. Qxd7+ Kxd7 33. Nc5+ Ke7 34. Nxa6 Rd8 35. Rd3 Ra8 36. Bc5+ Kf6 37. Rd7 g5 38. Rxa7 Re8 39. Nb4 Re6 40. Ra6 Kf5 41. Rxc6 Re8 42. a4 h5 43. Nd3 Bc3 44. Rd6 Re2 45. Rd5+ Kg6 46. Bd4 Rxc2 47. Bxc3 Rxc3 48. c5 Ra3 49. c6 Ra1+ 50. Kf2 Ra2+ 51. Kf3 g4+ 52. Kg3 f5 53. c7 h4+ 54. Kxh4 Rc2 55. Rc5 Rxg2 56. c8Q 1-0

[Event "Voronezh-ch sf"]
[Site "Voronezh"]
[Date "2008.01.22"]
[Round "4"]
[White "Polyansky, Viktor"]
[Black "Volk, Sergey"]
[Result "0-1"]
[WhiteElo "2076"]
[BlackElo "2053"]
[PlyCount "80"]
[EventDate "2008.01.18"]
[EventType "swiss"]
[EventRounds "9"]
[EventCountry "RUS"]
[SourceTitle "EXT 2010"]
[Source "ChessBase"]
[SourceDate "2010.11.25"]
[SourceVersion "1"]
[SourceVersionDate "2010.11.25"]
[SourceQuality "1"]

1. e4 c5 2. Nf3 d6 3. d4 cxd4 4. Nxd4 Nf6 5. Nc3 a6 6. Be3 e6 7. g4 h6 8. Bg2 e5 9. Nf5 g6 10. h3 gxf5 11. exf5 Nc6 12. Qd2 Na5 13. b3 Bd7 14. 0-0 Bc6 15. f4 Bxg2 16. Qxg2 Qc7 17. Na4 Qc6 18. Qd2 Nc4 19. bxc4 Qxa4 20. c5 0-0-0 21. Rfd1 Be7 22. Qc3 Ne4 23. Qb2 exf4 24. Bd4 Rhg8 25. f6 Bf8 26. Qb6 Qc6 27. Rab1 d5 28. Qxc6+ bxc6 29. Rb6 Kc7 30. Be5+ Kd7 31. Rb7+ Ke6 32. Bxf4 Bxc5+ 33. Kg2 h5 34. Kf3 hxg4+ 35. hxg4 Bd6 36. Bxd6 Rxd6 37. c4 Kxf6 38. Rb6 Ke5 39. cxd5 cxd5 40. Rxd6 Nxd6 0-1

[Event "Voronezh-ch sf"]
[Site "Voronezh"]
[Date "2008.01.20"]
[Round "3"]
[White "Kornilov, Peter"]
[Black "Volk, Sergey"]
[Result "1/2-1/2"]
[WhiteElo "2049"]
[BlackElo "2053"]
[PlyCount "123"]
[EventDate "2008.01.18"]
[EventType "swiss"]
[EventRounds "9"]
[EventCountry "RUS"]
[SourceTitle "EXT 2010"]
[Source "ChessBase"]
[SourceDate "2010.11.25"]
[SourceVersion "1"]
[SourceVersionDate "2010.11.25"]
[SourceQuality "1"]

1. e4 d6 2. d4 Nf6 3. Nc3 g6 4. f3 Bg7 5. Be3 0-0 6. Qd2 e5 7. Nge2 exd4 8. Nxd4 d5 9. e5 Nfd7 10. Nxd5 Nxe5 11. Nc3 Nbc6 12. 0-0-0 Nxd4 13. Bxd4 Be6 14. Qf4 Qf6 15. Qxf6 Bxf6 16. Ne4 Bg7 17. Nc5 Bc8 18. Kb1 b6 19. Na6 c5 20. Bc3 Bb7 21. Re1 Rad8 22. a3 Nc6 23. Bxg7 Kxg7 24. Kc1 Kf6 25. Nc7 Nd4 26. a4 Rd7 27. Nb5 Bc6 28. Nc3 Kg7 29. Bc4 Rfd8 30. b3 Nf5 31. Bd3 Nd4 32. Kb2 f5 33. Re5 Kf6 34. Ree1 Rd6 35. Nb5 Nxb5 36. axb5 Be8 37. Kc3 Bd7 38. Re2 a5 39. bxa6 b5 40. Rhe1 Rxa6 41. Re7 h5 42. Rxd7 Rxd7 43. Bxb5 Rad6 44. Bxd7 Rxd7 45. Re2 Rd4 46. Rd2 Rf4 47. Rd5 c4 48. b4 h4 49. Rd4 Ke5 50. Rxc4 h3 51. gxh3 Rxf3+ 52. Kb2 Rxh3 53. b5 Rxh2 54. b6 Rh8 55. Rc6 g5 56. c4 Rb8 57. c5 g4 58. Kc3 Kd5 59. Rc7 g3 60. Rf7 Kxc5 61. Rxf5+ Kxb6 62. Rg5 1/2-1/2

[Event "Voronezh CC fin"]
[Site "Voronezh"]
[Date "2007.10.19"]
[Round "4"]
[White "Volk, Sergey"]
[Black "Golovchanov, Artiom"]
[Result "1/2-1/2"]
[WhiteElo "2109"]
[BlackElo "2055"]
[PlyCount "43"]
[EventDate "2007.10.16"]
[EventType "swiss"]
[EventRounds "9"]
[EventCountry "RUS"]
[SourceTitle "CBM 121 Extra"]
[Source "ChessBase"]
[SourceDate "2008.01.10"]
[SourceVersion "1"]
[SourceVersionDate "2008.01.10"]
[SourceQuality "1"]

1. d4 Nf6 2. c4 g6 3. Nc3 Bg7 4. e4 0-0 5. f3 d6 6. Be3 Nc6 7. Qd2 e5 8. Nge2 a6 9. d5 Na5 10. Nc1 c5 11. g4 Rb8 12. h4 h5 13. Bg5 Kh7 14. gxh5 gxh5 15. a3 b5 16. cxb5 c4 17. a4 Bd7 18. Bh3 Qc8 19. Bxd7 Nxd7 20. Be7 Bh6 21. Bg5 Bg7 22. Be7 1/2-1/2

[Event "Voronezh CC fin"]
[Site "Voronezh"]
[Date "2007.10.18"]
[Round "3"]
[White "Shtyka, Sergey"]
[Black "Volk, Sergey"]
[Result "1-0"]
[WhiteElo "2299"]
[BlackElo "2109"]
[PlyCount "57"]
[EventDate "2007.10.16"]
[EventType "swiss"]
[EventRounds "9"]
[EventCountry "RUS"]
[SourceTitle "CBM 121 Extra"]
[Source "ChessBase"]
[SourceDate "2008.01.10"]
[SourceVersion "1"]
[SourceVersionDate "2008.01.10"]
[SourceQuality "1"]

1. e4 g6 2. d4 Bg7 3. Nc3 d6 4. g3 c6 5. Bg2 Qb6 6. Nge2 Nf6 7. 0-0 0-0 8. h3 Nbd7 9. b3 Qc7 10. Be3 b5 11. Qd2 b4 12. Na4 Rb8 13. c3 a5 14. Rac1 Ba6 15. cxb4 axb4 16. e5 dxe5 17. Rxc6 Qa5 18. dxe5 Nxe5 19. Rc5 Rb5 20. Rfc1 Qd8 21. Nd4 Rxc5 22. Nxc5 Qa5 23. f4 Nc4 24. bxc4 Qxc5 25. Ne6 Qa5 26. Nxf8 Bxf8 27. c5 Nh5 28. Kh2 Qa3 29. c6 1-0

[Event "Voronezh op-A 11th"]
[Site "Voronezh"]
[Date "2007.06.19"]
[Round "7"]
[White "Miroshnichenko, Dmitry"]
[Black "Volk, Sergey"]
[Result "1/2-1/2"]
[WhiteElo "2077"]
[BlackElo "2113"]
[PlyCount "52"]
[EventDate "2007.06.12"]
[EventType "swiss"]
[EventRounds "9"]
[EventCountry "RUS"]
[SourceTitle "CBM 118 Extra"]
[Source "ChessBase"]
[SourceDate "2007.07.04"]
[SourceVersion "1"]
[SourceVersionDate "2007.07.04"]
[SourceQuality "1"]

1. c4 c5 2. Nc3 Nf6 3. e4 Nc6 4. d3 e6 5. Bg5 Be7 6. f4 d6 7. Nf3 h6 8. Bh4 Nxe4 9. dxe4 Bxh4+ 10. Nxh4 Qxh4+ 11. g3 Qd8 12. Nb5 Ke7 13. Bg2 Qa5+ 14. Nc3 Rd8 15. 0-0 Kf8 16. f5 Kg8 17. Qh5 Ne5 18. f6 Kh7 19. fxg7 Kxg7 20. Rf2 Rd7 21. Raf1 Qd8 22. Nb5 Qg5 23. Qxg5+ hxg5 24. Rd1 Nxc4 25. b3 Ne5 26. Nxd6 b5 1/2-1/2

[Event "Voronezh op-A 11th"]
[Site "Voronezh"]
[Date "2007.06.16"]
[Round "5"]
[White "Chernov, Vladimir1111"]
[Black "Volk, Sergey"]
[Result "0-1"]
[WhiteElo "2071"]
[BlackElo "2113"]
[PlyCount "58"]
[EventDate "2007.06.12"]
[EventType "swiss"]
[EventRounds "9"]
[EventCountry "RUS"]
[SourceTitle "CBM 118 Extra"]
[Source "ChessBase"]
[SourceDate "2007.07.04"]
[SourceVersion "1"]
[SourceVersionDate "2007.07.04"]
[SourceQuality "1"]

1. d4 d5 2. c4 dxc4 3. Nf3 Nf6 4. e3 a6 5. a4 c5 6. Bxc4 Nc6 7. 0-0 cxd4 8. Nxd4 Na5 9. Ba2 e5 10. Ne2 Qd6 11. Nbc3 Be6 12. Bxe6 Qxe6 13. e4 Bc5 14. Rb1 Rd8 15. Qc2 Qb3 16. Qxb3 Nxb3 17. h3 h6 18. Ng3 0-0 19. Re1 Rd3 20. Be3 Bxe3 21. Rxe3 Rxe3 22. fxe3 Rd8 23. Nd5 Nxe4 24. Rd1 Ned2 25. e4 Kf8 26. Kf2 Rc8 27. Ne3 Nc4 28. Rd3 Nd4 29. Nxc4 Rxc4 0-1

[Event "Voronezh op-A 11th"]
[Site "Voronezh"]
[Date "2007.06.13"]
[Round "2"]
[White "Stukopin, Andrey"]
[Black "Volk, Sergey"]
[Result "1-0"]
[WhiteElo "2307"]
[BlackElo "2113"]
[PlyCount "76"]
[EventDate "2007.06.12"]
[EventType "swiss"]
[EventRounds "9"]
[EventCountry "RUS"]
[SourceTitle "CBM 118 Extra"]
[Source "ChessBase"]
[SourceDate "2007.07.04"]
[SourceVersion "1"]
[SourceVersionDate "2007.07.04"]
[SourceQuality "1"]

1. e4 g6 2. d4 Bg7 3. Nc3 d6 4. g3 c6 5. Bg2 Qb6 6. Nge2 Na6 7. 0-0 Bg4 8. h3 Bd7 9. Kh2 c5 10. Nd5 Qd8 11. c3 e6 12. Ne3 Ne7 13. f4 cxd4 14. cxd4 Bb5 15. f5 Bxe2 16. Qxe2 Bxd4 17. fxe6 fxe6 18. e5 d5 19. Ng4 Qb6 20. Nf6+ Kd8 21. Nxh7 Rc8 22. Rf7 Rc7 23. Ng5 Nf5 24. Bf4 Kc8 25. Rf6 Re8 26. Rd1 Nb4 27. a3 Nc2 28. Rc1 Nce3 29. Rxc7+ Kxc7 30. b4 Kb8 31. Rxg6 Nc4 32. Bxd5 Bg1+ 33. Kh1 Qd4 34. Bxc4 Be3 35. Nf3 Qa1+ 36. Qf1 Qc3 37. Bxe6 Bxf4 38. Bxf5 Bxe5 1-0

[Event "Voronezh op-A 11th"]
[Site "Voronezh"]
[Date "2007.06.12"]
[Round "1"]
[White "Lutsko, Igor"]
[Black "Volk, Sergey"]
[Result "1-0"]
[WhiteElo "2417"]
[BlackElo "2113"]
[PlyCount "53"]
[EventDate "2007.06.12"]
[EventType "swiss"]
[EventRounds "9"]
[EventCountry "RUS"]
[SourceTitle "CBM 118 Extra"]
[Source "ChessBase"]
[SourceDate "2007.07.04"]
[SourceVersion "1"]
[SourceVersionDate "2007.07.04"]
[SourceQuality "1"]

1. d4 d5 2. c4 e6 3. Nc3 c6 4. e3 f5 5. f4 Nf6 6. Nf3 Nbd7 7. Be2 Be7 8. Ng5 Nf8 9. Bd2 Ne4 10. Ngxe4 dxe4 11. Qc2 Nd7 12. 0-0-0 Nf6 13. g4 0-0 14. Kb1 a6 15. d5 Qc7 16. Rhg1 b5 17. dxc6 b4 18. gxf5 Ne8 19. Na4 a5 20. Bc1 Qxc6 21. b3 e5 22. c5 Ba6 23. Bc4+ Bxc4 24. Qxc4+ Rf7 25. Rd5 Rd8 26. Rgd1 Rxd5 27. Rxd5 1-0

[Event "Voronezh-ch sf"]
[Site "Voronezh"]
[Date "2007.02.06"]
[Round "1"]
[White "Melnikov, Victor"]
[Black "Volk, Sergey"]
[Result "0-1"]
[WhiteElo "2007"]
[BlackElo "2167"]
[PlyCount "75"]
[EventDate "2007.02.06"]
[EventType "swiss"]
[EventRounds "9"]
[EventCountry "RUS"]
[SourceTitle "EXT 2019"]
[Source "ChessBase"]
[SourceDate "2018.10.10"]
[SourceVersion "1"]
[SourceVersionDate "2018.10.10"]
[SourceQuality "1"]

1. e4 g6 2. Nc3 Bg7 3. g3 c5 4. Bg2 Nc6 5. d3 d6 6. Nh3 Nf6 7. 0-0 0-0 8. f4 Bg4 9. Qe1 Nd4 10. Qf2 Qd7 11. Ng5 h6 12. Nf3 Nxf3+ 13. Bxf3 Bh3 14. Bg2 Bxg2 15. Kxg2 Ng4 16. Qf3 f5 17. h3 Nf6 18. Bd2 e6 19. Rae1 d5 20. exf5 exf5 21. Re5 Rad8 22. Bc1 d4 23. Nd1 Nd5 24. Re2 Rfe8 25. Rfe1 Kf7 26. Nf2 Rxe2 27. Rxe2 Re8 28. Rxe8 Kxe8 29. Qe2+ Kf7 30. h4 Qe6 31. Qxe6+ Kxe6 32. Bd2 Ne3+ 33. Bxe3 dxe3 34. Nh3 Bxb2 35. Kf3 Bd4 36. Ng1 Kd5 37. Ne2 c4 38. c3 0-1